Šikanovanie ako sociálno-patologický jav včasným riešením predchádzať následkom

Pojem šikanovanie. Agresivita v škole. Vznik a určujúce znaky. Obete šikanovania. Odhaľovanie násilia.

Saved in:
Bibliographic Details
Main Author: Pasternáková, Lenka
Format: Book Chapter
Language:Slovak
Subjects:
Tags: Add Tag
No Tags, Be the first to tag this record!

MARC

LEADER 00000naa a2200000 4500
001 0124952
005 20231127102129.8
041 0 |a slo 
044 |a SK 
245 1 0 |a Šikanovanie ako sociálno-patologický jav  |b včasným riešením predchádzať následkom  |c Lenka Pasternáková 
520 |a Pojem šikanovanie. Agresivita v škole. Vznik a určujúce znaky. Obete šikanovania. Odhaľovanie násilia. 
610 2 0 |a agresia 
610 2 0 |a školy 
610 2 0 |a učitelia 
610 2 0 |a študenti 
610 2 0 |a správanie sociálne 
100 1 |a Pasternáková, Lenka